00558 2200205 4500001002100000005001500021035002000036008004100056082001100097084001700108245006600125260003900191300002700230100003300257650001000290650001900300990001100319990001100330990001100341INLIS00000000000140220260428024223 a0010-0621001002260428 g 0 ind  a297.02 a297.02 SYE m1 aMukjizat Rasulullah SAW :bMengungkap hikmah dan keagungannya aJakarta :bAl Mawardi Prima,c2004 a167 :bilustrasi ;c180 aSyekh Mutawalli Asy-Sya'rawi 4aIslam 4aMukjizat Rasul a010034 a019729 a010033